书目信息 |
| 题名: |
任长霞的故事
|
|
| 作者: | 宇培 , 柠栎 编著 | |
| 分册: | ||
| 出版信息: | 北京 人民出版社 2004.12 |
|
| 页数: | 122页 | |
| 开本: | 21cm | |
| 丛书名: | ||
| 单 册: | ||
| 中图分类: | K828.2=76 | |
| 科图分类: | ||
| 主题词: | 女性--警察--生平事迹--中国--现代 | |
| 电子资源: | ||
| ISBN: | 7-01-004659-X | |
| 000 | 00736nam0 2200229 450 | |
| 001 | 0135180644 | |
| 005 | 20050919095953.82 | |
| 010 | @a7-01-004659-X@dCNY5.80 | |
| 100 | @a20050408d2004 km y0chiy0120 ea | |
| 101 | 0 | @achi |
| 102 | @aCN@b110000 | |
| 105 | @aa z 000yb | |
| 200 | 1 | @a任长霞的故事@Aren chang xia de gu shi@f宇培, 柠栎编著@Fyu pei,ning li bian zhu |
| 210 | @a北京@c人民出版社@d2004.12 | |
| 215 | @a122页@c图@d21cm | |
| 330 | @a本书共四章,包括:别长霞、颂长霞、忆长霞、念长霞,记述了任长霞同志的先进事迹。 | |
| 606 | 0 | @a女性@x警察@x生平事迹@y中国@z现代 |
| 690 | @aK828.2=76@v4 | |
| 701 | 0 | @a宇培@Ayu pei@4编著 |
| 701 | 0 | @a柠栎@Aning li@4编著 |
| 801 | 0 | @aCN@bQSSK@c20050919 |
| 905 | @a10447@dK828.2=76@eY827 | |
| 任长霞的故事/宇培, 柠栎编著.-北京:人民出版社,2004.12 |
| 122页:图;21cm |
| ISBN 7-01-004659-X:CNY5.80 |
| 本书共四章,包括:别长霞、颂长霞、忆长霞、念长霞,记述了任长霞同志的先进事迹。 |
| ● |
| 相关链接 |
|
|
|
正题名:任长霞的故事
索取号:K828.2=76/Y827
 
预约/预借
| 序号 | 登录号 | 条形码 | 馆藏地/架位号 | 状态 | 备注 |
| 1 | 524427 | 205244270 | 自科二线404/400A自科库 16排2列1层/ [索取号:K828.2=76/Y827] | 在馆 | |
| 2 | 524428 | 205244289 | 自科二线404/400A自科库 16排2列1层/ [索取号:K828.2=76/Y827] | 在馆 | |
| 3 | 524429 | 205244298 | 自科二线404/400A自科库 16排2列1层/ [索取号:K828.2=76/Y827] | 在馆 |